000 00522nam a2200205Ia 4500
005 20250326144750.0
008 250326s9999 xx 000 0 und d
020 _a1-4129-2361-1
037 _aTextbook
040 _aFMSL
_beng
_cFMSL
041 _aeng
_2eng
084 _aS P6
_qFMSL
100 _aHek G
_9750070
245 0 _aMaking sense of research
_cHek G; Moule P
250 _a3
260 _aNew Delhi
_bNew Delhi, Sage
_c2006
300 _a155p
942 _cTB
_hS P6
999 _c1304946
_d1304946